000 00782nam a2200229Ii 4500
003 JO-AjNU
008 230605s9999||||xx |||||||||||||| ||und||
017 _a2003/8/1656
040 _aJO-AjNU
_bara
_erda
_cJO-AjNU
041 _aara
050 1 4 _aPJ6585.A8722 2003
100 3 _aالأصولي، أصيل الصيف,
_eauthor
_912886
245 0 0 _aعلم الأصول: متعة المعرفة إلى المجازات المنسية
250 _aط1
264 3 1 _aعمان: دار الكتاب، 2003
300 _a248ص
336 _atext
_btxt
_2rdacontent
337 _aunmediated
_bn
_2rdamedia
338 _avolume
_bnc
_2rdacarrier
490 0 _aسلسلة أصل اللسان ومجاز العرب (1)
650 4 _aاللغة العربية - اللسانيات
_912887
999 _aA3064
_c6632
_d6632